Ageing and society (Registro nro. 53643)
[ vista simple ]
| 000 -CABECERA | |
|---|---|
| Longitud fija campo de control | 00859nas a2200277.c 4500 |
| 001 - NÚMERO DE CONTROL | |
| Número de control | 53643 |
| 003 - IDENTIFICADOR DE NÚMERO DE CONTROL | |
| Identificador del número de control | ES-MaCES |
| 005 - FECHA Y HORA DE LA ÚLTIMA TRANSACCIÓN | |
| Fecha y hora de la última transacción | 20250409140155.0 |
| 007 - PHYSICAL DESCRIPTION FIXED FIELD--GENERAL INFORMAT | |
| Campo fijo de descripción física | cr ||||||||||| |
| 008 - CAMPO FIJO DE DESCRIPCIÓN FIJA--INFORMACIÓN GENERAL | |
| Códigos de información de longitud fija | 250402c1981 xxkqr|p||t||| 0|||||eng d |
| 022 ## - ISSN (INTERNATIONAL STANDARD SERIAL NUMBER) | |
| Número Internacional Normalizado para Publicaciones Seriadas | 0144-686X |
| 022 ## - ISSN (INTERNATIONAL STANDARD SERIAL NUMBER) | |
| Número Internacional Normalizado para Publicaciones Seriadas | 1469-1779 (ISSNe) |
| 040 ## - FUENTE DE CATALOGACIÓN | |
| Centro catalogador de origen | ES-MaCES |
| Lengua de catalogación | spa |
| Centro transcriptor | ES-MaCES |
| 245 00 - MENCIÓN DE TÍTULO | |
| Título | Ageing and society |
| Medio | Recurso electrónico |
| 260 ## - PUBLICACIÓN, DISTRIBUCIÓN, ETC (PIE DE IMPRENTA) | |
| Lugar de publicación, distribución, etc. | Cambridge |
| Nombre del editor, distribuidor, etc. | Cambridge University Press |
| Fecha de publicación, distribución, etc. | 1981- |
| 300 ## - DESCRIPCIÓN FÍSICA | |
| Extensión | v. |
| 310 ## - PERIODICIDAD ACTUAL DE LA PUBLICACIÓN | |
| Periodicidad actual | Trimestral |
| Fecha de comienzo de la periodicidad actual | 1981- |
| 362 ## - DATOS DE LA PUBLICACIÓN Y/O DESIGNACIÓN SECUENCIAL | |
| Fecha de publicación y;o designación secuencial | Vol. 1, part 1 (1981)- |
| 541 ## - NOTA DE LA FUENTE INMEDIANTE DE ADQUISICIÓN | |
| Forma de adquisición | Gratuito |
| 650 #4 - ASIENTO SECUNDARIO DE MATERIA--TÉRMINO DE MATERIA | |
| 9 (RLIN) | 27269 |
| Término de materia o nombre geográfico como elemento inicial | sociedad |
| 650 #4 - ASIENTO SECUNDARIO DE MATERIA--TÉRMINO DE MATERIA | |
| 9 (RLIN) | 28520 |
| Término de materia o nombre geográfico como elemento inicial | vejez |
| 653 10 - TÉRMINO DE INDEXACIÓN--NO CONTROLADO | |
| Término no controlado | Ciencias Sociales-Políticas |
| 856 41 - ACCESO ELECTRÓNICO | |
| Identificador Uniforme del Recurso (URI) | https://www.cambridge.org/core/journals/ageing-and-society/all-issues |
| Texto del enlace | texto completo desde vol. 1, n. 1 (1981) |
| Nota pública | Acceso desde la IP del CES |
| 942 ## - ELEMENTOS KOHA | |
| Fuente de clasificaión o esquema | Clasificación propia del CES |
| Koha [por defecto] tipo de item | Periódicas |
| Parte de clasificación | Ciencias Sociales Politicas Empresariale |
No hay ítems disponibles.
